000 00412nam a22001457a 4500
020 _a0070079331
082 _a973.9
_bBRI
100 _aBrinkley, Alan
245 _aAmerica in modern times: since 1890
_cAlan Brinkley and Ellen F. Fitzpatrick
260 _aNew York:
_bMcGraw-Hill
_c1997.
300 _a693p.
563 _aPB
650 _aUnited States
_aEllen F. Fitzpatrick
_9118580
942 _2ddc
_cBK
999 _c606784
_d606784